000 00866nam a22002537a 4500
001 0000013007
003 DO-SdBNP
005 20180307125515.0
007 0000013007
008 160504b 1985 sp xxu||||| |||| 00| 0 spa d
020 _a8429423443
040 _aBPMSU
_bspa
_cBPMSU
092 _axxxxx
_bxxxxx
100 1 _aPiédrola, Eduardo
245 1 0 _aReligión 8 :
_beducación general básica /
_cEduardo Piédrola, Jesús Olóriz ; dirección editorial, Julián Abad ; ilustraciones, José Pérez Montero, Santiago Martín Salvador
260 _aMadrid :
_bSantillana,
_c1985.
300 _a144 p. :
_bil. ;
_c25 cm.
700 1 _aOlóriz, Jesús;
700 1 2 _aPérez Montero, José,
_eil.
700 1 2 _aMartín Salvador, Santiago,
_eil.
942 _2ddc
_cBK
945 _ainventariado, 2018 / dg
956 _2LOPEREZ
_310
_620160504
_8BPMSU
_a00041
999 _c9992
_d9992